000 01735cam a22004934i 4500
003 PE-LiUPU
005 20250731165515.0
008 150623s r 000 0 d
020 _a052177974X
035 _a(Sirsi) i9780521779746
040 _aPE-LiUPU
_bspa
_cPE-LiUPU
_erda
049 _aPRUA
082 0 4 _a423D
_bC22
_221
110 2 _aCambridge University Press
245 1 0 _aCambridge Dictionary of American English.
264 1 _aCambridge, United Kingdom :
_bCambridge University Press,
_c1999.
300 _a1069 páginas ;
_c21 centímetros
300 _aCD
336 _atext
_2rdacontent
337 _aunmediated
_2rdamedia
338 _avolume
_2rdacarrier
505 0 _aFinding your way around the dictionary. -Grammar codes. -Usage Labels. -Parts of speech and other labels. -Pronunciation symbols. -A-Z. -Idioms index.
526 _aSEG44
526 _aSEG26
526 _aP151
526 _aP150
526 _aP149
526 _aP146
526 _aP145
526 _aP126
526 _aP125
526 _aP92
526 _aP75
526 _aP74
526 _aP27
526 _aP15
650 0 4 _aInglés
_vDiccionarios.
942 _2ddc
_cBOOK
949 _aRC 423D C22
_wDEWEY
_c1
_i49338
_d2015-9-2
_lCCODEBUL1
_mBUL
_q1
_r0
_sY
_tBOOK
_u2015-6-24
_xFCE
_zUNKNOWN
_0COMPRA
_o.CIRCNOTE. No olvidar cambiar la fecha de devolución!!!!!!!
_o.STAFF. Colección General
994 _aC0
_bPEPRU
596 _a1
999 _aRC 423D C22
_wDEWEY
_c28917
_i49338
_d28917
_f2021-11-8
_g6
_lRCG
_mBUL
_q5
_r1
_sY
_tBOOK
_u2015-6-24
_xBIBLIOTECA
_zUNKNOWN
_0COMPRA
_o.CIRCNOTE. No olvidar cambiar la fecha de devolución!!!!!!!
_o.STAFF. Colección General
980 _81
_gALBERTO SANCHEZ Responsable de Automatización